000 00510nam a2200181Ia 4500
005 20250508152946.0
008 008 250505s9999 xx 000 0 eng d
037 _aTextual
040 _aFEDL
_beng
_cFEDL
041 _aeng
_2eng
084 _a808.5, LAR
_qFEDL
100 _aLarson Orvin
_9762837
245 0 _aWhen it's your turn to speak
260 _aNew York, USA
_bHarper and Brothers Publisher
_c1962
300 _avii,149p
942 _cTEXL
_h808.5, LAR
999 _c1339829
_d1339829